Sports Quiz

Random Sports or NFL Quiz

NFL Top 100 Receivers (2011) Quiz Stats

 Plays Quiz Updated Feb 22, 2019

Score 0/100 Timer 10:00
0 Plays Today
Team Player % Correct
DETCalvin Johnson
98.4%
HOUAndre Johnson
97%
BUFStevie Johnson
97%
CARSteve Smith
94.5%
ARILarry Fitzgerald
94.4%
BALTorrey Smith
93.4%
NEWes Welker
93.3%
NYGVictor Cruz
90.5%
NERob Gronkowski
89.1%
ATLRoddy White
88.4%
ATLJulio Jones
88.3%
GBJames Jones
87.6%
HOUJacoby Jones
87.5%
PHIDeSean Jackson
86.7%
SDVincent Jackson
86.6%
GBJordy Nelson
84.7%
BUFDavid Nelson
83.5%
NOMarques Colston
82.5%
NOJimmy Graham
81.9%
CINA.J. Green
81.4%
MIABrandon Marshall
80.5%
GBGreg Jennings
80.3%
INDReggie Wayne
79.7%
PITMike Wallace
79.1%
KCDwayne Bowe
79.1%
WASSantana Moss
76.8%
NYGHakeem Nicks
76.4%
PITAntonio Brown
74.7%
DALDez Bryant
72.8%
ATLTony Gonzalez
72%
DALJason Witten
71.3%
BALAnquan Boldin
69.3%
DALMiles Austin
69%
NYJSantonio Holmes
66.5%
Team Player % Correct
NEAaron Hernandez
65.8%
SDAntonio Gates
64.8%
SFMichael Crabtree
64.5%
TBMike Williams
63.5%
TENDamian Williams
63.2%
CHIRoy E. Williams
63.2%
SFVernon Davis
63.1%
INDPierre Garcon
63%
WASFred Davis
62.9%
SEASidney Rice
62.7%
MINPercy Harvin
62.6%
BALRay Rice
62.6%
PHIJeremy Maclin
62.3%
DEN/STLBrandon Lloyd
60.1%
DENDemaryius Thomas
55.3%
GBJermichael Finley
51.3%
NOLance Moore
51.3%
OAKDenarius Moore
51.1%
TENNate Washington
50.7%
PHIBrent Celek
49.7%
PITHeath Miller
49.3%
OAKDarrius Heyward-Bey
49.2%
NYJPlaxico Burress
48.4%
SDMalcom Floyd
47.1%
NYGMario Manningham
47.1%
NODarren Sproles
46.4%
DALLaurent Robinson
44.5%
NEDeion Branch
44.5%
DETBrandon Pettigrew
43%
DENEric Decker
42.5%
NYJDustin Keller
40.7%
NODevery Henderson
40.2%
DETNate Burleson
38.3%
HOUOwen Daniels
36.9%
Team Player % Correct
NORobert Meachem
36.7%
CARGreg Olsen
35.2%
CHIJohnny Knox
34.9%
TBKellen Winslow, Jr.
33%
CINJerome Simpson
32.8%
DETTitus Young
32.7%
HOUArian Foster
32.5%
KCSteve Breaston
32.4%
CINJermaine Gresham
31.1%
HOUKevin Walter
30.4%
INDAustin Collie
30.3%
SEADoug Baldwin
30.3%
CHIMatt Forte
30%
PHIJason Avant
28%
MIADavone Bess
27.2%
WASJabar Gaffney
26.7%
NYGJake Ballard
24.6%
TENJared Cook
24.1%
JACMarcedes Lewis
23.6%
MIABrian Hartline
23.3%
CLEGreg Little
21.3%
CARBrandon LaFell
19.8%
ARIEarly Doucet
19.5%
ATLHarry Douglas
17.9%
BALEd Dickson
17.7%
CLEJosh Cribbs
17.5%
MINMichael Jenkins
13.3%
ARIAndre Roberts
12%
TBPreston Parker
9.7%
TENLavelle Hawkins
5.9%
CARLegedu Naanee
5.6%
MINDevin Aromashodu
4.5%

You're not logged in!

Compare scores with friends on all Sporcle quizzes.
OR
Log In

Sporcle TV

Today on Sporcle TV


Watch our educational content, quiz creation guides, and fun videos on Sporcle TV.

Show Comments

Extras

Top Quizzes Today


Score Distribution

Your Account Isn't Verified!

In order to create a playlist on Sporcle, you need to verify the email address you used during registration. Go to your Sporcle Settings to finish the process.

Report this User

Report this user for behavior that violates our Community Guidelines.

Details: